| 000 | 00807nam a2200229Ia 4500 | ||
|---|---|---|---|
| 003 | GCL | ||
| 008 | 140319s9999 xx 000 0 ara d | ||
| 020 | _a3361287977 | ||
| 040 |
_aGCL / _cGCL |
||
| 082 | 0 | 4 |
_a005.3 _bع ا |
| 100 | 1 | _aعمرو عنانى | |
| 245 | 1 | 0 |
_aاحترف تصميم صفحات الويب باستخدام Adobe Photoshsop 7.0 / _cعمرو عنانى |
| 250 | _aالاولى | ||
| 260 |
_aالقاهرة : _bدار الكتب العلمية للنشر والتوزيع ، _c2004 |
||
| 300 |
_a197ص ؛ _c24سم |
||
| 650 | 0 | 4 | _aنظم المعلومات |
| 650 | 0 | 4 | _aالحاسبات الالكترونية - برامج |
| 650 | 0 | 4 | _aادوبى فوتوشوب |
| 650 | 0 | 4 | _aانشاء صفحات الويب |
| 650 | 0 | 4 | _aالإنترنت - برمجة |
| 942 |
_2ddc _cBK |
||
| 999 |
_c57145 _d57145 |
||